| 000 | 00801nam a2200205Ii 4500 | ||
|---|---|---|---|
| 003 | JO-AjNU | ||
| 008 | 230605s9999||||xx |||||||||||||| ||und|| | ||
| 017 | _a1974/3350 | ||
| 040 |
_aJO-AjNU _bara _erda _cJO-AjNU |
||
| 041 | _aara | ||
| 050 | 1 | 4 | _aHM24 .D812 1974 |
| 100 | 3 |
_aتأليف: دوركهايم، اميل ؛ ترجمة وتقديم محمود قاسم ؛ مراجعة محمد بدوي, _eauthor _97209 |
|
| 245 | 0 | 0 | _aقواعد المنهج في علم الاجتماع |
| 264 | 3 | 1 | _aالقاهرة: مكتبة النهضة العربية، 1974 |
| 300 |
_a296ص _bيحتوي على ببلوغرافية من 284-296ص |
||
| 336 |
_atext _btxt _2rdacontent |
||
| 337 |
_aunmediated _bn _2rdamedia |
||
| 338 |
_avolume _bnc _2rdacarrier |
||
| 650 | 4 |
_a علم إجتماع سياسي _97210 |
|
| 999 |
_aA163 _c3731 _d3731 |
||